Teoría general del acto y el procedimiento administrativo (Registro nro. 4418)

Detalles MARC
000 -LEADER
fixed length control field 02206 a2200241 4500
001 - CONTROL NUMBER
control field 47546
005 - DATE AND TIME OF LATEST TRANSACTION
control field 20260407155743.0
008 - FIXED-LENGTH DATA ELEMENTS--GENERAL INFORMATION
fixed length control field 260407a2017 arg spa d
003 - CONTROL NUMBER IDENTIFIER
control field AR-UNSa-BCEJYS
040 ## - CATALOGING SOURCE
Original cataloging agency AR-UNSa-BCEJYS
Language of cataloging spa
Transcribing agency AR-UNSa-BCEJYS
080 ## - UNIVERSAL DECIMAL CLASSIFICATION NUMBER
Universal Decimal Classification number 342.924
Common auxiliary subdivision Actos legales. Actos administrativos. (Procesal administrativo)
020 ## - INTERNATIONAL STANDARD BOOK NUMBER
International Standard Book Number 978-950-623-116-3
041 ## - LANGUAGE CODE
Language code of text/sound track or separate title spa
100 1# - MAIN ENTRY--PERSONAL NAME
Personal name Nallar, Daniel M.
245 10 - TITLE STATEMENT
Title Teoría general del acto y el procedimiento administrativo
Name of part/section of a work Análisis doctrinario y jurisprudencial de las Leyes 5.348 (Salta) y 19.549 (Nación)
264 #1 - PRODUCTION, PUBLICATION, DISTRIBUTION, MANUFACTURE, AND COPYRIGHT NOTICE
Place of production, publication, distribution, manufacture Salta :
Name of producer, publisher, distributor, manufacturer EUCASA (Ediciones Universidad Católica de Salta)
Date of production, publication, distribution, manufacture, or copyright notice 2017
300 ## - PHYSICAL DESCRIPTION
Extent 506 p.
Dimensions 23 cm.
505 ## - FORMATTED CONTENTS NOTE
Formatted contents note Primera Parte: El acto administrativo en la Provincia de Salta: 1. El derecho administrativo desde la teoría del conflicto - 2. El procedimiento administrativo a la luz de los tratados internacionales de derechos humanos - 3. Bases jurídicas del acto administrativo en la Provincia de Salta - 4. Conceptualización del "acto administrativo" - 5. Los elementos del acto administrativo en la Provincia de Salta - 6. La forma y el procedimiento del acto administrativo en las Leyes 5348 y 19549 - 7. Sistema de validez e invalidez del acto administrativo en Salta - 8. La extinción del acto administrativo en la ley 5348. - Segunda Parte: El procedimiento administrativo en la Provincia de Salta: 1. Nociones generales y principios basicos - 2. Las manifestaciones de voluntad administrativa durante el procedimiento - 3. La jerarquía en el procedimiento - 4. El expediente administrativo - 5. La notificación - 6. Los plazos - 7. La prueba - 8. Notas sobre el administrativo y el administrador - 9. Los escritos administrativos - 10. Vias impugnativas y reclativas - 11. De los recursos administrativos - 12. Procedimientos breves y especificos en la ley 5348 - 13. Amparo por mora en Salta - 14. El procedimiento administrativo para la defensa del consumidor - 15. Principios finales
590 ## - LOCAL NOTE (RLIN)
Local note niveau_biblio:m niveau_hierar:0
700 1# - ADDED ENTRY--PERSONAL NAME
Personal name Viltes Monier, Jorge O.
856 41 - ELECTRONIC LOCATION AND ACCESS
Uniform Resource Identifier <a href="https://www.biblioeco.unsa.edu.ar/pmb/images/libros/L127614.jpg">https://www.biblioeco.unsa.edu.ar/pmb/images/libros/L127614.jpg</a>
Link text Imagen de portada
Electronic format type image/jpeg
942 ## - ADDED ENTRY ELEMENTS (KOHA)
Koha item type
Existencias
Withdrawn status Lost status Damaged status Not for loan Home library Current library Shelving location Date acquired Total checkouts Full call number Barcode Date last seen Price effective from Koha item type
        Biblioteca Prof. Eusebio Cleto del Rey Biblioteca Prof. Eusebio Cleto del Rey   07/04/2026   342.924 N172 L127614 07/04/2026 07/04/2026 Libro
        Biblioteca Prof. Eusebio Cleto del Rey Biblioteca Prof. Eusebio Cleto del Rey   07/04/2026   342.924 N172 L127615 07/04/2026 07/04/2026 Libro
        Biblioteca Prof. Eusebio Cleto del Rey Biblioteca Prof. Eusebio Cleto del Rey   07/04/2026   342.924 N172 L127616 07/04/2026 07/04/2026 Libro
        Biblioteca Prof. Eusebio Cleto del Rey Biblioteca Prof. Eusebio Cleto del Rey   07/04/2026   342.924 N172 L127617 07/04/2026 07/04/2026 Libro
        Biblioteca Prof. Eusebio Cleto del Rey Biblioteca Prof. Eusebio Cleto del Rey   07/04/2026   342.924 N172 L127618 07/04/2026 07/04/2026 Libro